| 000 | 00454nam a2200157Ia 4500 | ||
|---|---|---|---|
| 008 | 160316s1990 xxu||||| |||| 00| 0 eng d | ||
| 082 |
_a342.042000 _bFAD |
||
| 100 | _aFadia B L | ||
| 245 | _aSarkaria commision report and centre state relations | ||
| 250 | _a | ||
| 260 |
_aAgra _bSahitya Bhavan _c1990 |
||
| 300 |
_a216p _b _c |
||
| 365 | _bRs.200/- | ||
| 650 | _a1.Centre State Relation - India 2.Sarkaria Commision - Report | ||
| 700 |
_aMenaria R K _a |
||
| 999 |
_c11266 _d11266 |
||